ՀՀ Գիտությունների ազգային ակադեմիայի հիմնարար գիտական գրադարան  =   Fundamental Scientific Library of NAS RA

Китай : (Record no. 243052)

MARC details
000 -LEADER
fixed length control field 00680nam a2200205 a 4500
001 - CONTROL NUMBER
control field 000663462
003 - CONTROL NUMBER IDENTIFIER
control field AM-YeHGA
005 - DATE AND TIME OF LATEST TRANSACTION
control field 20250617141655.0
008 - FIXED-LENGTH DATA ELEMENTS--GENERAL INFORMATION
fixed length control field 090603s1935 |||| |||||||||||||rus d
040 ## - CATALOGING SOURCE
Original cataloging agency AM-YeHGA
041 0# - LANGUAGE CODE
Language code of text/sound track or separate title rus
090 ## - LOCALLY ASSIGNED LC-TYPE CALL NUMBER (OCLC); LOCAL CALL NUMBER (RLIN)
-- 244633
100 1# - MAIN ENTRY--PERSONAL NAME
Personal name Денике, Б.П.
245 10 - TITLE STATEMENT
Title Китай :
Remainder of title Альбом /
Statement of responsibility, etc. Б.П. Денике ; Под общ. ред. И. Маца.
260 ## - PUBLICATION, DISTRIBUTION, ETC.
Place of publication, distribution, etc. Москва :
Name of publisher, distributor, etc. Изд-во всесоюз. акад. архитектуры,
Date of publication, distribution, etc. 1935.
300 ## - PHYSICAL DESCRIPTION
Extent 122 с. :
Other physical details 107 ил. ;
Dimensions 29 см.
440 #0 - SERIES STATEMENT/ADDED ENTRY--TITLE
Title Города и страны
650 14 - SUBJECT ADDED ENTRY--TOPICAL TERM
Topical term or geographic name entry element Архитектура
Geographic subdivision Китай
700 1# - ADDED ENTRY--PERSONAL NAME
Personal name Мац, И.
Relator term ред.
Relationship edt
Holdings
Withdrawn status Lost status Damaged status Not for loan Collection Home library Current library Date acquired Total checkouts Full call number Barcode Date last seen Price effective from Koha item type Public note
        General Fundamental Scientific Library Fundamental Scientific Library 29/12/2016   PIII/50453 FL0398609 29/12/2016 29/12/2016 Գրքեր / Books 30 Days Loan


ՀՀ ԳԱԱ հիմնարար գիտական գրադարան
ՀՀ,Երևան 0019
Մարշալ Բաղրամյան 24/6
հեռախոս:(374-10) 52-47-50
Հետադարձ կապ

All site content, except where otherwise noted, is licensed under a
Creative Commons License